00638 2200229 4500001002100000005001500021035002000036007000300056008004100059020002200100082001000122084001600132100001700148245007500165250002600240260003100266300004700297650002000344700001600364700001200380990001600392INLIS00000000000003920220514100336 a0010-0522000021ta220514 b 0 ind  a978-602-434-186-2 a372.2 a372.2 IRE b0 aIrene M.J.A.1 aBenda, Hewan, dan Tanaman di Sekitarku 1g Edisi Revisi /cIrene M.J.A. aKurikulum 2013 Revisi aJakarta :bErlangga,c2016 a120 halaman :bilustrasi berwarna ;c26 cm 4aTematik Terpadu0 aDwi Tyas K.0 aWini K. a00000000041